000 00976nam a2200301 i 4500
001 000038146
003 DO-SdBNP
005 20260327115715.0
007 ta
008 250522s200? dr a 000 0 spa d
040 _aDO-SdBNP
_bspa
_cBNPHU
_erda
041 _hspa
082 _a332.642
_bR426c
_222
110 1 _aRepública Dominicana.
_bSuperintendencia de Valores
_914843
245 1 0 _aConociendo el mercado de valores dominicano.
264 _aSanto Domingo :
_bSuperintendencia de Valores de la República Dominicana,
_cfecha no identificada
300 _a37 páginas :
_bilustraciones ;
_c21 cm.
336 _ardacontent
_btexto
_2txt
337 _ardamedia
_bsin mediación
_2n
338 _ardacarrier
_bvolumen
_2nc
590 _aInventariado, 2025/DG
650 0 _a Bolsa de valores
_956872
650 0 _aAcciones (Bolsa)
_914845
650 0 _aMercado de capitales
_914846
650 4 _aEspeculaciones mercantiles
_914847
910 _aDG
942 _2ddc
_cLF2
999 _c59083
_d59083